[Event "IV Open A"]
[Site "Omegna ITA"]
[Date "2016.08.07"]
[Round "5"]
[White "Del Nevo, Claudio"]
[Black "Mattavelli, Italo"]
[WhiteElo "1807"]
[BlackElo "1784"]
[Result "1-0"]
[PlyCount "65"]
[EventDate "2016.08.05"]

1. d4 Nf6 2. Nf3 g6 3. Bg5 Bg7 4. Bxf6 Bxf6 5. e3 d6 6. c3 Nd7 7. Bd3 e5 8.
dxe5 dxe5 9. Qc2 Nc5 10. Be4 c6 11. Nbd2 Qe7 12. O-O-O Bg7 13. Ne1 Be6 14. Kb1
O-O-O 15. Bf3 Kb8 16. b4 e4 17. Be2 Nd7 18. Nxe4 Nb6 19. Nf3 Bc4 20. Ng3 Bxe2
21. Nxe2 Nc4 22. Qb3 b5 23. Ned4 Kb7 24. Nd2 Nxd2+ 25. Rxd2 Qe4+ 26. Kb2 Rd7
27. Rg1 Rhd8 28. Qc2 Qe7 29. Rgd1 a6 30. a3 c5 31. bxc5 Qxc5 32. Nb3 Bxc3+ 33.
Qxc3 1-0

[Event "IV Open A"]
[Site "Omegna ITA"]
[Date "2016.08.07"]
[Round "5"]
[White "Ferretti, Folco"]
[Black "Montilli, Vincenzo"]
[WhiteElo "2223"]
[BlackElo "2270"]
[Result "1/2-1/2"]
[PlyCount "24"]
[EventDate "2016.08.05"]

1. Nf3 Nf6 2. c4 c5 3. d4 cxd4 4. Nxd4 Nc6 5. Nc3 g6 6. e4 d6 7. Nc2 Bg7 8. Be2
O-O 9. O-O Nd7 10. Bd2 Nc5 11. f3 a5 12. Be3 Bd7 1/2-1/2

[Event "IV Open A"]
[Site "Omegna ITA"]
[Date "2016.08.07"]
[Round "5"]
[White "Lanzani, Mario"]
[Black "Bardi, Massimo"]
[WhiteElo "2292"]
[BlackElo "1953"]
[Result "1/2-1/2"]
[PlyCount "82"]
[EventDate "2016.08.05"]

1. e4 c5 2. Nf3 d6 3. d4 cxd4 4. Nxd4 Nf6 5. Nc3 g6 6. Be2 Bg7 7. O-O O-O 8.
Re1 Nc6 9. Nb3 Be6 10. Bf1 Ne5 11. Nd5 Rc8 12. Bg5 Nc4 13. Bxc4 Rxc4 14. Nxf6+
exf6 15. Bd2 d5 16. exd5 Qxd5 17. Bc3 Qg5 18. Qd2 Qh5 19. Bd4 Rd8 20. c3 Ra4
21. Qc2 b6 22. Nd2 Ra5 23. Ne4 Bf5 24. f3 Bxe4 25. fxe4 f5 26. Bxg7 Kxg7 27.
exf5 Rxf5 28. Qe2 Qg5 29. Rad1 Rfd5 30. Rxd5 Rxd5 31. Rd1 Rxd1+ 32. Qxd1 Qc5+
33. Kh1 Qc4 34. a3 Qb5 35. Qc1 Qe2 36. c4 f5 37. h3 f4 38. Qxf4 Qxb2 39. Qc7+
Kh6 40. Qxa7 Qa1+ 41. Kh2 Qe5+ 1/2-1/2

[Event "IV Open A"]
[Site "Omegna ITA"]
[Date "2016.08.07"]
[Round "5"]
[White "Quirico, Paolo"]
[Black "Tortora, Franco"]
[WhiteElo "2120"]
[BlackElo "1860"]
[Result "1-0"]
[PlyCount "45"]
[EventDate "2016.08.05"]

1. d4 Nf6 2. Bg5 Ne4 3. Bf4 d5 4. e3 e6 5. Bd3 Nf6 6. Nd2 Bd6 7. Bg3 b6 8. c3
O-O 9. Ngf3 Ba6 10. Bc2 Nbd7 11. Ne5 Nb8 12. Bh4 Be7 13. Bxf6 Bxf6 14. f4 g6
15. Qf3 Bb7 16. h4 h5 17. Qg3 Bxe5 18. dxe5 f5 19. exf6 Qxf6 20. O-O-O Nc6 21.
Rde1 Qe7 22. Qxg6+ Kh8 23. Qxh5+ 1-0

[Event "IV Open A"]
[Site "Omegna ITA"]
[Date "2016.08.07"]
[Round "5"]
[White "Rifai, Abdulkader"]
[Black "Tolibayev, Timur"]
[WhiteElo "2194"]
[BlackElo "2096"]
[Result "1-0"]
[PlyCount "57"]
[EventDate "2016.08.05"]

1. e4 e5 2. Nf3 Nf6 3. Nxe5 d6 4. Nxf7 Kxf7 5. Nc3 Qe8 6. d4 c5 7. Bc4+ Be6 8.
d5 Bg4 9. f3 Bc8 10. g4 h5 11. g5 Ng8 12. f4 g6 13. Qd3 Ne7 14. Be3 Bg7 15.
O-O-O a6 16. a4 Rf8 17. Bxc5 dxc5 18. d6+ Be6 19. Bxe6+ Kxe6 20. dxe7 Kxe7 21.
Nd5+ Kf7 22. Nc7 Qc6 23. Qc4+ Ke7 24. Nxa8 b5 25. Qd5 Qxd5 26. exd5 Kd7 27.
Rhe1 Rxf4 28. Nb6+ Kc7 29. a5 1-0

[Event "IV Open A"]
[Site "Omegna ITA"]
[Date "2016.08.07"]
[Round "5"]
[White "Sala, Tiziano Paolo"]
[Black "Vincenzi, Marco"]
[WhiteElo "1819"]
[BlackElo "2149"]
[Result "0-1"]
[PlyCount "62"]
[EventDate "2016.08.05"]

1. Nf3 Nf6 2. g3 g6 3. b3 Bg7 4. Bb2 O-O 5. Bg2 d6 6. d3 c5 7. c4 Nc6 8. O-O
Bg4 9. Nbd2 Qd7 10. Rc1 Bh3 11. Qc2 Bxg2 12. Kxg2 e5 13. e3 Nh5 14. Ng1 f5 15.
f4 exf4 16. Bxg7 Qxg7 17. gxf4 Rae8 18. Rce1 Nb4 19. Qb1 Qc3 20. Ndf3 Nxd3 21.
Rd1 Rxe3 22. Nh3 Ndxf4+ 23. Nxf4 Nxf4+ 24. Kg3 g5 25. Qa1 Qxa1 26. Rxa1 Rfe8
27. h4 h6 28. hxg5 hxg5 29. Rad1 R8e6 30. Rh1 Nd3 31. Kg2 Re2+ 0-1

[Event "IV Open A"]
[Site "Omegna ITA"]
[Date "2016.08.07"]
[Round "5"]
[White "Temi, Walter"]
[Black "Pasquotto, Mirko"]
[WhiteElo "2089"]
[BlackElo "1844"]
[Result "1/2-1/2"]
[PlyCount "121"]
[EventDate "2016.08.05"]

1. e4 c5 2. Nf3 d6 3. c3 Nf6 4. h3 Nc6 5. Bd3 g6 6. Bc2 Bg7 7. O-O O-O 8. d4
Nd7 9. Na3 a6 10. Be3 b5 11. Qd2 Re8 12. Rfd1 Bb7 13. Bh6 Nb6 14. Bxg7 Kxg7 15.
dxc5 dxc5 16. Qe3 Nd7 17. Qf4 e5 18. Qd2 Nb6 19. Qe2 Qe7 20. Rd2 Red8 21. Rad1
Rxd2 22. Rxd2 Rd8 23. Bb3 c4 24. Bd1 Rxd2 25. Qxd2 Qd7 26. Qxd7 Nxd7 27. b3
cxb3 28. axb3 f6 29. b4 Nd8 30. Nd2 Ne6 31. g3 Ng5 32. Bg4 Nb6 33. h4 Nxe4 34.
Bf3 Nd6 35. Bxb7 Nxb7 36. f3 Nd5 37. Nab1 f5 38. Kf2 Kf6 39. Ke2 h6 40. Kd3 g5
41. hxg5+ hxg5 42. Na3 Nd6 43. Nc2 e4+ 44. fxe4 Nxe4 45. Nxe4+ fxe4+ 46. Kxe4
Nxc3+ 47. Kd3 Nd5 48. Kd4 Ke6 49. g4 Nf6 50. Ne3 Kd6 51. Nf5+ Kc6 52. Ne3 Kb6
53. Ke5 Nxg4+ 54. Nxg4 a5 55. bxa5+ Kxa5 56. Kd4 Ka4 57. Kc3 Ka3 58. Kc2 b4 59.
Kb1 Kb3 60. Nh6 Kc3 61. Ng4 1/2-1/2

[Event "IV Open A"]
[Site "Omegna ITA"]
[Date "2016.08.07"]
[Round "5"]
[White "Tripi, Nicolo'"]
[Black "Mantovan, Giuseppe"]
[WhiteElo "1985"]
[BlackElo "1824"]
[Result "1-0"]
[PlyCount "53"]
[EventDate "2016.08.05"]

1. e4 e6 2. d4 d5 3. Nc3 dxe4 4. Nxe4 Bd7 5. Nf3 Bc6 6. Bd3 Nd7 7. O-O Ngf6 8.
Ng3 Be7 9. b3 O-O 10. Bb2 Bxf3 11. Qxf3 c6 12. c4 Qa5 13. Rfe1 Bb4 14. Re2 Qg5
15. a3 Bd6 16. Rae1 h5 17. Ne4 Nxe4 18. Rxe4 Nf6 19. Bc1 Qa5 20. b4 Qc7 21. Rh4
Rfe8 22. Bg5 Ng4 23. Rxh5 f5 24. Qh3 Bxh2+ 25. Kf1 Nf6 26. Bxf6 gxf6 27. Rh8+
1-0

[Event "IV Open A"]
[Site "Omegna ITA"]
[Date "2016.08.07"]
[Round "5"]
[White "Tripodi, Enzo"]
[Black "Buonanno, Raffaele"]
[WhiteElo "1896"]
[BlackElo "1966"]
[Result "1-0"]
[PlyCount "51"]
[EventDate "2016.08.05"]

1. e4 d6 2. d4 Nf6 3. Nc3 g6 4. f4 Bg7 5. Nf3 O-O 6. h3 c5 7. d5 b5 8. e5 dxe5
9. fxe5 Nfd7 10. Bxb5 Nxe5 11. O-O a6 12. Be2 Bb7 13. Nxe5 Bxe5 14. Bf3 Nd7 15.
Bh6 Re8 16. d6 Bd4+ 17. Kh1 Bxf3 18. Qxf3 Ne5 19. dxe7 Qxe7 20. Qf4 Rad8 21.
Bg5 Qd7 22. Bxd8 Qxd8 23. Rad1 Qb8 24. Nd5 Rd8 25. Nf6+ Kg7 26. c3 1-0

[Event "IV Open A"]
[Site "Omegna ITA"]
[Date "2016.08.07"]
[Round "5"]
[White "Valtemara, Mattia Angelo"]
[Black "Mina, Marco"]
[WhiteElo "1775"]
[BlackElo "2057"]
[Result "0-1"]
[PlyCount "68"]
[EventDate "2016.08.05"]

1. e4 e6 2. d4 d5 3. Nd2 Be7 4. Ngf3 Nf6 5. e5 Nfd7 6. Bd3 c5 7. c3 Nc6 8. Bb1
a5 9. a4 b6 10. O-O Qc7 11. Nb3 h6 12. Be3 cxd4 13. cxd4 Ba6 14. Bd3 Bxd3 15.
Qxd3 Nb4 16. Qd2 Qc4 17. Qd1 O-O 18. Rc1 Qa6 19. Qd2 Rfc8 20. Rxc8+ Rxc8 21.
Rc1 Rc4 22. Rxc4 dxc4 23. Nc1 Nd5 24. Ne2 b5 25. axb5 Qxb5 26. Nc3 Nxc3 27.
Qxc3 Nb6 28. Nd2 Bb4 29. Qc2 Bxd2 30. Bxd2 Nd5 31. Bc3 a4 32. g3 Qb3 33. Qxb3
cxb3 34. Bd2 a3 0-1

[Event "IV Open A"]
[Site "Omegna ITA"]
[Date "2016.08.07"]
[Round "5"]
[White "Vezzosi, Paolo"]
[Black "Dobboletta, Alex"]
[WhiteElo "2340"]
[BlackElo "2018"]
[Result "1-0"]
[PlyCount "65"]
[EventDate "2016.08.05"]

1. d4 Nf6 2. c4 g6 3. Nc3 d5 4. cxd5 Nxd5 5. e4 Nxc3 6. bxc3 Bg7 7. Bc4 c5 8.
Ne2 Nc6 9. Be3 O-O 10. O-O Na5 11. Bd3 b6 12. Rc1 Bb7 13. Qd2 e5 14. dxc5 Rc8
15. cxb6 axb6 16. Rfd1 f5 17. f3 fxe4 18. fxe4 Qh4 19. Ng3 Ra8 20. Bg5 Qg4 21.
Be2 Qe6 22. Qd6 Qxa2 23. Qxb6 Nb3 24. Qxb7 Nxc1 25. Rxc1 Rab8 26. Qd5+ Kh8 27.
Bd3 Qa7+ 28. Kh1 h6 29. Qe6 hxg5 30. Qh3+ Kg8 31. Bc4+ Rf7 32. Rf1 Rbb7 33. Qe6
1-0